How to write a marketing plan / (Record no. 5686)
[ view plain ]
| 000 -LEADER | |
|---|---|
| fixed length control field | 00676nam a22002292 4500 |
| 001 - CONTROL NUMBER | |
| control field | 0000002174 |
| 005 - DATE AND TIME OF LATEST TRANSACTION | |
| control field | 20151217151842.0 |
| 008 - FIXED-LENGTH DATA ELEMENTS--GENERAL INFORMATION | |
| fixed length control field | 070404s xx 000 0 eng d |
| 020 ## - INTERNATIONAL STANDARD BOOK NUMBER | |
| Terms of availability | KES 800 |
| 040 ## - CATALOGING SOURCE | |
| Original cataloging agency | KABU |
| Transcribing agency | KABU |
| 050 #0 - LIBRARY OF CONGRESS CALL NUMBER | |
| Classification number | HF5415 |
| Item number | .W47 2000 |
| 100 1# - MAIN ENTRY--PERSONAL NAME | |
| Personal name | Westwood, John. |
| -- | 0000072328 |
| 245 10 - TITLE STATEMENT | |
| Title | How to write a marketing plan / |
| Statement of responsibility, etc. | John Westwood. |
| 260 ## - PUBLICATION, DISTRIBUTION, ETC. (IMPRINT) | |
| Place of publication, distribution, etc. | London : |
| Name of publisher, distributor, etc. | Kogan Page, |
| Date of publication, distribution, etc. | 2000. |
| 300 ## - PHYSICAL DESCRIPTION | |
| Extent | v, 122 p. |
| 650 #0 - SUBJECT ADDED ENTRY--TOPICAL TERM | |
| Topical term or geographic name as entry element | Marketing. |
| -- | 0000151351 |
| 650 #0 - SUBJECT ADDED ENTRY--TOPICAL TERM | |
| Topical term or geographic name as entry element | Business writing. |
| -- | 0000132676 |
| 908 ## - PUT COMMAND PARAMETER (RLIN) | |
| Put command parameter | 070404 |
| 950 ## - LOCAL HOLDINGS (RLIN) | |
| -- | 1 |
| Withdrawn status | Lost status | Source of classification or shelving scheme | Not for loan | Home library | Current library | Date acquired | Total Checkouts | Full call number | Barcode | Date last seen | Date last checked out | Price effective from | Koha item type |
|---|---|---|---|---|---|---|---|---|---|---|---|---|---|
| Library of Congress Classification | Kabarak, Main Campus | Kabarak, Main Campus | 17/12/2015 | 1 | HF5415 .W47 2000 c.1 | 003732 | 13/10/2016 | 15/07/2016 | 17/12/2015 | General Collection | |||
| Library of Congress Classification | Kabarak, Main Campus | Kabarak, Main Campus | 17/12/2015 | 1 | HF5415 .W47 2000 | 003733 | 02/02/2022 | 11/01/2022 | 17/12/2015 | General Collection |